000 00295nam a22001337a 4500
008 180115b xxu||||| |||| 00| 0 eng d
020 _a9789077256046
041 _aeng
080 _a37
100 _a47
101 _aEDU
245 _aThe social styles handbook
_cLearning,W
942 _2udc
_cBK
999 _c40253
_d40253